LEADER 01506nam 2200409 450 001 000007320 005 20050718115300.0 010 $a88-206-2476-1 100 $a20010207d1983----km-y0itay0103----ba 101 0 $aita 102 $aIT 200 1 $a<> piante e l'inquinamento dell'aria$fGiacomo Lorenzini 210 $aBologna$cEdagricole$dc1983 215 $a259 p.$cill.$d21 cm. 606 $aInquinamento atmosferico$xEffetti sulle piante 606 $aPiante$xDanni da inquinamento 606 $aEcologia$xEffetti dell'inquinamento atmosferico sulle piante 676 $a632.19$v(20. ed.)$9Danni e malattie delle piante. Da inquinamento atmosferico e da radiazioni. 700 1$aLorenzini$bGiacomo$064256 801 0$aIT$bUniversità della Basilicata - B.I.A.$gRICA$2unimarc 912 $a000007320 996 $aPiante e l'inquinamento dell'aria$974801 997 $aUNIBAS BAS $aMONAGR BAS $aMONOGR BAS $aAGRARIA CAT $aTORRE$b20$c20010207$lBAS01$h1455 CAT $aTORRE$b20$c20010215$lBAS01$h1740 CAT $aTORRE$b20$c20010215$lBAS01$h1741 CAT $aTORRE$b20$c20010216$lBAS01$h0920 CAT $c20050601$lBAS01$h1754 CAT $abatch$b01$c20050718$lBAS01$h1049 CAT $c20050718$lBAS01$h1108 CAT $c20050718$lBAS01$h1138 CAT $c20050718$lBAS01$h1153 FMT Z30 -1$lBAS01$LBAS01$mBOOK$1BASA2$APolo Tecnico-Scientifico$2DID$BDidattica$3PTS.s2.p17.23A$651444$5A51444$820010207$f04$FPrestabile Didattica LEADER 01079nam0 22002771i 450 001 UON00050024 005 20231205102221.845 100 $a20020107d1963 |0itac50 ba 101 $aheb 102 $aIL 105 $a|||| 1|||| 200 1 $a500 milim reshit yedi'at ha-lashon lemevugarim$fBen Shefer , A. Rozen 210 $aJerusalem$cAhiyasaf$d1963 215 $a140 p.$d20 cm 606 $aLingua ebraica$xManuali$3UONC015290$2FI 620 $aIL$dY?r?sh?layim$3UONL004472 686 $aSEB II B$cSTUDI EBRAICI - LINGUISTICA - GRAMMATICHE$2A 700 1$aBEN-SEFER$bYosef$3UONV028208$0648995 701 1$aROZEN$bHaron$3UONV028209$0648996 712 $aAh?i?asaf$3UONV252948$4650 801 $aIT$bSOL$c20250606$gRICA 899 $aSIBA - SISTEMA BIBLIOTECARIO DI ATENEO$2UONSI 912 $aUON00050024 950 $aSIBA - SISTEMA BIBLIOTECARIO DI ATENEO$dSI SEB II B 005 $eSI SEM928 5 005 996 $a500 milim reshit yedi'at ha-lashon lemevugarim$91147694 997 $aUNIOR